000 00777cam a22002653a 4500
001 5634
003 PGUSA
005 20140828083122.0
008 040501s2004||||xxu|||||s|||||000 | eng d
040 _aPGUSA
_beng
042 _adc
050 4 _aM
100 1 _aBeethoven, Ludwig van,
_d1770-1827
245 1 0 _aGroße Fuge in B flat major Opus 133
_h[electronic resource] /
_cLudwig van Beethoven
260 _bProject Gutenberg,
_c2004
500 _aMusical score
506 _aPublic domain in the USA.
516 _aElectronic text
653 _aString quartets -- Scores
653 _aCanons, fugues, etc.
740 0 _aGrosse Fuge in B flat major Opus 133
830 0 _aProject Gutenberg
_v5634
856 4 0 _uhttp://www.gutenberg.org/ebooks/5634
942 _cEB
999 _c234962
_d234962